000 00899nam a22002177a 4500
999 _c100403
_d100403
010 _a1617CH-EN
020 _a9789384225391
_c175.00 Hb
035 _aB-642173-203,B-127516
035 _aB-664850
037 _aDPL
_bBSB/Ven.
082 _aS
100 _aHugo, Victor
245 _aThe hunchback of notre-dame /
_cby Victor Hugo
260 _aNew Delhi
_bOm Kidz
_c2014
270 _a4379/4B, Prakash House, Ansari Road,
_bNew Delhi
_e110002
300 _a240p.
_bill.
_c20cm(Hb)
490 _aOm Illustrated Classics
942 _2ddc
_cCH
_mHUG
_hS